Gaming Quiz

Random Gaming Quiz
Score 0/25 Timer 15:00
0 Plays Today
Question Answer Wrong Answers
Final Question, TRUE OR FALSE: EA needs more content next year so Zirksee doesn't have to make Quiz videos True
87.9%
False
4.4%
Which of these players were not featured in the MUT 10 promo Chris Johnson
87.2%
Troy Polamalu
2.3%
Rob Gronkowski
3.7%
Deion Sanders
3.4%
Which of these IS NOT a madden 20 ability Hot Start - Reduced Zone Objectives In the First Quarter
84.8%
Leap Frog - Better Hurdles
0.6%
Goalline Stuff - Better block sheds on the Goal line
4.5%
Set Feet Lead - Extended Range on Unpressured Throws
10.2%
Which of these Players WAS NOT featured in the Gauntlet Promo? Greg Olsen
79.7%
Ty Law
7.1%
Ed Oliver Jr.
4%
Juju Smith-Schuster
6.5%
Which of these QBs have the fastest release in MUT Aaron Rodgers
79.4%
Russell Wilson
2.2%
Robert Griffin III
10.8%
John Elway
1.6%
Which of these cards were NOT obtainable through solo challenges? 95 PLAYOFF HERO
77.8%
91 MUT HERO
7.3%
96 FREE AGENT
5.6%
89 MUT SUPERSTAR
5.5%
Which one of these X-Factors was NOT featured in the NFL 100 promo Gambler 100
71.6%
Protective Custody 100
8.4%
Run Stuff 100
14.1%
Zone Hawk 100
2.9%
Which one of these promos was new this year? Series Redux
70.7%
Football Outsiders
4.1%
Ultimate Kickoff
12.9%
Blitz
6.8%
Which of these cards hasn't gotten a PU expansion as of 7/1/20? Ali Marpet
70.6%
Andrew Whitworth
6.9%
Bradley Chubb
12.8%
Eddie Goldman
9.3%
Choose the correct order of these promos MUT 10, Harvest, Blitz, Playoffs, TOTY
70.3%
Harvest, MUT 10, Playoffs, Blitz, TOTY
2.5%
Blitz, Harvest, MUT 10, TOTY, Playoffs
8%
MUT 10, Blitz, Harvest, Playoffs, TOTY
18.3%
TRUE OR FALSE: Ken Houston was part of the first legend drop of Madden 20 True
69%
False
23.3%
TRUE OR FALSE: The series masters went in this order: Von Miller, Brandin Cooks, Devin Mccourty, Melvin Gordon, Joey Bosa, Delanie Walker False
64%
True
28.1%
Which of these wild things DID NOT HAPPEN? MUT released a tribute card for a player who had not retired and quickly removed it
63.5%
EA gave everyone who opened a SuperBowl reroll a free card
11.1%
There was an Ability Stacking Glitch
4.7%
People were able to sell GTs that had not come out yet
15%
Which of these players has a card that gets every team Chemistry? Kurt Warner
63.5%
Deion Sanders
10.7%
Robby Anderson
20.2%
Steve Largent
2.7%
11. Which of these promos did NOT feature store packs? Team of the Year
57.3%
Team of the Week
19.1%
Zero Chill
10%
Color Smash
9.2%
Which of these players did not have a core elite card in MUT 20? Sony Michel
55.8%
Avery Williamson
15.2%
Marlon Humphrey
13.5%
Sheldon Richardson
10.2%
Which of these players was never a hero (highest ovr or tied for highest ovr) card in a promo? Bobby Wagner
53.6%
Cam Newton
8.1%
Micheal Irvin
5.8%
Vita Vea
28.3%
Which one of these was not a MUT currency Eggs
48.7%
Kindling
5.3%
Blitz Bolts
16%
Bats
23.4%
TRUE OR FALSE: Micheal Thomas was the only player to receive a TOTY card along with an NFL Honors card False
46.8%
True
45.7%
Which of these players had a TOTW hero? Gerald Mccoy
46.5%
Josh Allen
32.6%
Allen Robinson
7.6%
Earl Thomas
7%
Which of these cards had a card in MUT before getting a UL Simeon Rice
44.9%
Warren Sapp
6.9%
Randle McDaniel
11.5%
Brian Waters
30.2%
As of 7/1/20 which of these 4 QBs has the lowest ranked card in MUT Derek Carr
44.1%
Matt Stafford
27%
Kirk Cousins
10%
Jared Goff
12.4%
How many 99s are there in MUT 20 as of 7/1/20? 64
44%
49
23.3%
70
7.9%
68
21.3%
Which NFL division has the most GTs (not chem just what team they are on) NFC South
39.6%
NFC East
23.6%
AFC North
25.1%
AFC West
9.2%
TRUE OR FALSE: Aaron Rodgers, Bobby Wagner and Von Miller were the last legend release False
38.8%
True
54.2%
Remove Ads.
Support Sporcle.
Get the best of Sporcle when you Go Orange. This ad-free experience offers more features, more stats, and more fun while also helping to support Sporcle. Thank you for becoming a member.

You're not logged in!

Compare scores with friends on all Sporcle quizzes.
OR
Log In

Sporcle TV

Today on Sporcle TV


Watch our educational content, quiz creation guides, and fun videos on Sporcle TV.

Show Comments

Extras

Created Jul 2, 2020ReportNominate
Tags:madden

Top Quizzes Today


Score Distribution

Paid Content

Your Account Isn't Verified!

In order to create a playlist on Sporcle, you need to verify the email address you used during registration. Go to your Sporcle Settings to finish the process.

Report this User

Report this user for behavior that violates our Community Guidelines.

Details: